| 000 | 00551nam a2200181 i 4500 | ||
|---|---|---|---|
| 001 | 98364 | ||
| 003 | ES-MaACL | ||
| 005 | 20230906182254.0 | ||
| 007 | t| | ||
| 008 | 050728s1972 sp ||||1| spa d | ||
| 100 | 1 |
_aMartialay, Félix. _977250 |
|
| 245 | 1 | 0 |
_aHoward Hawks / _cFélix Martialay. |
| 260 |
_aSan Sebastián : _bXX Festival Internacional del Cine, _c1972. |
||
| 300 |
_a167 p. : _bil. ; _c21 cm. |
||
| 600 | 1 | 4 |
_aHawks, Howard. _962171 |
| 711 | 2 |
_aFestival Internacional de Cine de San Sebastián. _9171019 |
|
| 852 |
_aES-MaACL _jC-48872 |
||
| 999 |
_c98364 _d98364 |
||